[Event "FRA-chT2A 0506"]
[Site "France"]
[Date "2006.02.05"]
[Round "7.3"]
[White "Levasseur, Philippe"]
[Black "Gerard, Nicolas"]
[Result "1/2-1/2"]
[WhiteElo "2174"]
[BlackElo "2283"]
[PlyCount "86"]
[EventDate "2005.10.27"]
[EventType "team-tourn"]
[EventRounds "11"]
[EventCountry "FRA"]
[SourceTitle "EXT 2006"]
[Source "ChessBase"]
[SourceDate "2005.11.24"]
[SourceVersion "1"]
[SourceVersionDate "2005.11.24"]
[SourceQuality "1"]
[WhiteTeam "Sautron"]
[BlackTeam "Nantes"]
[WhiteTeamCountry "FRA"]
[BlackTeamCountry "FRA"]

1. c4 e5 2. g3 Nc6 3. Bg2 f5 4. Nc3 Nf6 5. e3 d5 6. d4 exd4 7. exd4 dxc4 8. Nge2 Bb4 9. 0-0 0-0 10. Qa4 Rb8 11. d5 Bxc3 12. Nxc3 Ne5 13. Qxa7 Bd7 14. Qd4 Re8 15. Bf4 Nd3 16. Qxc4 Nxf4 17. Qxf4 Re7 18. Rfe1 Ne8 19. Qb4 Nd6 20. Ne2 Ra8 21. b3 Qe8 22. Bf1 Qf7 23. Nc3 Rae8 24. Rxe7 Rxe7 25. Rd1 Qe8 26. Qf4 h6 27. h4 Qh5 28. Qd2 g5 29. Re1 Rxe1 30. Qxe1 gxh4 31. Qe7 hxg3 32. fxg3 Qf3 33. Qd8+ Be8 34. Qxc7 Qxg3+ 35. Bg2 Qe1+ 36. Bf1 Qg3+ 37. Bg2 Qe1+ 38. Bf1 Qg3+ 39. Bg2 Bh5 40. Qd8+ Kf7 41. Qd7+ Kf8 42. Qe6 Kg7 43. Ne2 Qe1+ 1/2-1/2

[Event "FRA-chT2 0405"]
[Site "France"]
[Date "2004.11.06"]
[Round "2"]
[White "Levasseur, Philippe"]
[Black "Goldsztejn, Gildas"]
[Result "0-1"]
[WhiteElo "2163"]
[BlackElo "2359"]
[PlyCount "138"]
[EventDate "2004.10.10"]
[EventType "team-tourn"]
[EventRounds "11"]
[EventCountry "FRA"]
[SourceTitle "EXT 2006"]
[Source "ChessBase"]
[SourceDate "2005.11.24"]
[SourceVersion "1"]
[SourceVersionDate "2005.11.24"]
[SourceQuality "1"]
[WhiteTeam "Sautron II"]
[BlackTeam "Paris NAO II"]
[WhiteTeamCountry "FRA"]
[BlackTeamCountry "FRA"]

1. c4 Nf6 2. g3 c6 3. Bg2 d5 4. Nf3 Nbd7 5. d4 e6 6. 0-0 dxc4 7. Qc2 b5 8. b3 cxb3 9. Qxc6 Rb8 10. axb3 Bb7 11. Qc2 Qb6 12. Nbd2 Bb4 13. Ba3 Bxa3 14. Rxa3 0-0 15. b4 Rbc8 16. Qb2 Nd5 17. e4 Ne7 18. Rfa1 a6 19. Ne1 Nc6 20. Nc2 Qc7 21. Rc3 Qb8 22. Nb3 Rfd8 23. Nc5 Nxc5 24. Rxc5 Ne7 25. Ne3 Qa8 26. f3 Rxc5 27. bxc5 Qc8 28. Rd1 e5 29. f4 exd4 30. Rxd4 Nc6 31. Nd5 Kf8 32. Nb6 Qc7 33. Rd2 Rxd2 34. Qxd2 Nd8 35. Kf1 Ne6 36. Qd6+ Qxd6 37. cxd6 Nc5 38. e5 Bxg2+ 39. Kxg2 a5 40. Kf3 a4 41. Nd5 a3 42. Nb4 Ke8 43. Ke3 Na6 44. Nc2 a2 45. Kd4 Kd7 46. Kc3 f6 47. Kb2 fxe5 48. fxe5 Nc5 49. Nb4 Ke6 50. Nc6 Kd5 51. Nb8 Nd3+ 52. Kxa2 Nxe5 53. d7 Nf7 54. Kb3 Kc5 55. Kc3 Kb6 56. Kb4 Nd8 57. h3 Kb7 58. Kxb5 Kxb8 59. Kb6 g5 60. h4 g4 61. Kc5 Kc7 62. Kd5 Kxd7 63. Ke5 Ke7 64. Kf5 h5 65. Kg5 Ke6 66. Kxh5 Kf5 67. Kh6 Nf7+ 68. Kg7 Nd6 69. h5 Kg5 0-1

[Event "Cannes op"]
[Site "Cannes"]
[Date "1989.??.??"]
[Round "?"]
[White "Andruet, Gilles"]
[Black "Levasseur, Philippe"]
[Result "1-0"]
[WhiteElo "2420"]
[BlackElo "2240"]
[PlyCount "57"]
[EventDate "1989.02.??"]
[EventType "swiss"]
[EventRounds "9"]
[EventCountry "FRA"]
[SourceTitle "TD"]
[Source "ChessBase"]
[SourceDate "1994.03.01"]
[SourceVersion "1"]
[SourceVersionDate "1994.03.01"]
[SourceQuality "1"]

1. d4 e6 2. c4 Nf6 3. Nf3 b6 4. g3 Ba6 5. b3 Bb7 6. Bg2 Bb4+ 7. Kf1 Be7 8. Nc3 d5 9. cxd5 Nxd5 10. Nxd5 Bxd5 11. Bb2 Qc8 12. Ne5 Qb7 13. Bxd5 exd5 14. Rc1 0-0 15. Kg2 c5 16. e3 Nd7 17. Nxd7 Qxd7 18. Qf3 Rfd8 19. Rc2 Rac8 20. dxc5 bxc5 21. Rd1 c4 22. bxc4 Qa4 23. Qg4 Bf8 24. Rcd2 Rxc4 25. Qg5 Re8 26. Qxd5 Rc5 27. Qd7 Qe4+ 28. f3 Qa8 29. Bd4 1-0

[Event "Tapolca"]
[Site "Budapest"]
[Date "1989.??.??"]
[Round "?"]
[White "Busch, Klaus"]
[Black "Levasseur, Philippe"]
[Result "1-0"]
[WhiteElo "2255"]
[BlackElo "2240"]
[PlyCount "65"]
[EventDate "1989.??.??"]
[EventType "tourn"]
[EventRounds "15"]
[EventCountry "HUN"]
[EventCategory "3"]
[SourceTitle "EXT 1997"]
[Source "ChessBase"]
[SourceDate "1996.11.15"]
[SourceVersion "1"]
[SourceVersionDate "1996.11.15"]
[SourceQuality "1"]

1. Nf3 d5 2. g3 Nf6 3. c4 g6 4. Bg2 Bg7 5. cxd5 Nxd5 6. d4 0-0 7. 0-0 c6 8. Nc3 Re8 9. e4 Nxc3 10. bxc3 Nd7 11. Qb3 e5 12. Ba3 Qb6 13. Qc4 Qc7 14. Rad1 Nb6 15. Qb3 Be6 16. d5 cxd5 17. exd5 Bd7 18. d6 Qc4 19. Nd2 Qa6 20. Qb4 Bc6 21. Ne4 Nc4 22. Bc1 Qa4 23. d7 Red8 24. Qxa4 Bxa4 25. Nc5 Bxd1 26. Rxd1 Nb6 27. Bxb7 Rab8 28. Bc6 Bf8 29. Na6 Be7 30. Nxb8 Rxb8 31. Be3 f5 32. Bc5 Bd8 33. Bd6 1-0

[Event "Tapolca"]
[Site "Budapest"]
[Date "1989.??.??"]
[Round "?"]
[White "Gyorkos, Lajos"]
[Black "Levasseur, Philippe"]
[Result "1-0"]
[WhiteElo "2370"]
[BlackElo "2240"]
[PlyCount "99"]
[EventDate "1989.??.??"]
[EventType "tourn"]
[EventRounds "15"]
[EventCountry "HUN"]
[EventCategory "3"]
[SourceTitle "EXT 1997"]
[Source "ChessBase"]
[SourceDate "1996.11.15"]
[SourceVersion "1"]
[SourceVersionDate "1996.11.15"]
[SourceQuality "1"]

1. c4 Nf6 2. Nc3 c6 3. d4 d5 4. Nf3 e6 5. Bg5 Be7 6. e3 Nbd7 7. cxd5 exd5 8. Qc2 0-0 9. Bd3 Re8 10. h3 Nf8 11. 0-0-0 Ng6 12. Kb1 Ne4 13. Bxe4 Bxg5 14. Bd3 Bf6 15. g4 Nf8 16. Rhg1 g6 17. Ne2 Qd6 18. h4 Bd7 19. h5 b6 20. Nf4 Bg7 21. hxg6 hxg6 22. Bf5 Ne6 23. Nxe6 Bxe6 24. Bxe6 Qxe6 25. Ng5 Qf6 26. Nh3 Rac8 27. Nf4 Red8 28. Qe2 Rc7 29. Rd2 Rcd7 30. Rc1 Rd6 31. Rdc2 Bh6 32. Nd3 Rc8 33. f4 Bg7 34. Ne5 Qe6 35. Qf3 c5 36. f5 Qe8 37. Qf4 Rcd8 38. Rh1 Qe7 39. Rch2 g5 40. Qf3 Qf6 41. Rh5 Kf8 42. Qe2 Qe7 43. Qh2 Ke8 44. Rh7 Qf6 45. Qc2 Kf8 46. R1h5 Re8 47. Qh2 Rdd8 48. Rxg7 Qxg7 49. Rh7 Qf6 50. Qh5 1-0

[Event "Tapolca"]
[Site "Budapest"]
[Date "1989.??.??"]
[Round "?"]
[White "Magyar, Otto"]
[Black "Levasseur, Philippe"]
[Result "1/2-1/2"]
[WhiteElo "2325"]
[BlackElo "2240"]
[PlyCount "41"]
[EventDate "1989.??.??"]
[EventType "tourn"]
[EventRounds "15"]
[EventCountry "HUN"]
[EventCategory "3"]
[SourceTitle "EXT 1997"]
[Source "ChessBase"]
[SourceDate "1996.11.15"]
[SourceVersion "1"]
[SourceVersionDate "1996.11.15"]
[SourceQuality "1"]

1. e4 e6 2. d4 d5 3. Nc3 Nf6 4. Bg5 dxe4 5. Nxe4 Nbd7 6. Nf3 Be7 7. Nxf6+ Nxf6 8. Bd3 0-0 9. 0-0 h6 10. Bh4 b6 11. Qe2 Bb7 12. Rad1 Qd5 13. c4 Qh5 14. Bg3 Bxf3 15. gxf3 Bd6 16. Qe3 Rfd8 17. a3 a5 18. Rfe1 Rac8 19. Kh1 Kh8 20. Be2 Qf5 21. Bd3 1/2-1/2

[Event "Cannes op"]
[Site "Cannes"]
[Date "1988.??.??"]
[Round "?"]
[White "Seret, Jean Luc"]
[Black "Levasseur, Philippe"]
[Result "1-0"]
[WhiteElo "2420"]
[BlackElo "2220"]
[PlyCount "87"]
[EventDate "1988.02.??"]
[EventType "swiss"]
[EventRounds "9"]
[EventCountry "FRA"]
[SourceTitle "EXT 1998"]
[Source "ChessBase"]
[SourceDate "1997.11.17"]
[SourceVersion "1"]
[SourceVersionDate "1997.11.17"]
[SourceQuality "1"]

1. Nf3 e6 2. d4 Nf6 3. Bg5 c5 4. e3 Nc6 5. c3 d5 6. Nbd2 Be7 7. Bd3 0-0 8. 0-0 h6 9. Bh4 b6 10. Qe2 Bb7 11. Rad1 Re8 12. Ne5 Ne4 13. Bxe7 Qxe7 14. Nxe4 Nxe5 15. Nxc5 Nxd3 16. Nxd3 Ba6 17. Rfe1 Qd7 18. Qc2 Rec8 19. Rd2 Rc7 20. Qd1 Rac8 21. Nf4 Bc4 22. a3 a5 23. e4 Re8 24. e5 Kh7 25. Re3 Qe7 26. Nh5 Rg8 27. f4 Rcc8 28. Rf2 Bb5 29. Qd2 Bd7 30. Rh3 Qf8 31. g4 f5 32. g5 Be8 33. Rg2 Bxh5 34. Rxh5 b5 35. b4 axb4 36. axb4 Ra8 37. Qe1 Ra3 38. g6+ Kh8 39. Qh4 Rxc3 40. Ra2 Rc8 41. Ra7 Rc1+ 42. Kf2 Rc2+ 43. Ke3 Rc3+ 44. Ke2 1-0